=LDR 00000nam 2200000 4500 =001 INLIS000000000031186 =990 ##$$a 20902904/Pb-09 =005 20130612133254 =008 ***********************************Ind** =035 ##$$0010-061300000031186 =041 ##$$a Ind =082 ##$$a 615.89 =090 ##$$a 615.89, Tri p =100 ##$$a Triswanto, Sugeng Dwi =245 ##$$a Pengobaqtan alternatif, Pijat refleksi tenaga dalam dan ramuan tradisional, Sugeng Dwi Triswanto =260 ##$$a 2009 $b Yogyakarta =300 ##$$a xiv, 252 hlm, ilus, 19 cm =650 ##$$a Pijat =850 ##$$a NBPNMAT =990 ##$$a 27122712 =990 ##$$a 20902904/Pb-09